000 00694nam a22002297a 4500
003 OSt
005 20141210090146.0
008 141122b xxu||||| |||| 00| 0 eng d
020 _a[84-3770-049-3]
040 _cBMC
082 _a980
082 _a320.8
100 1 _aRangel, Carlos
_d1929-1988
_913850
245 1 4 _aDel buen salvaje al buen revolucionario
_b: mitos y realidades de América Latina
_cCarlos Rangel
250 _a7ª ed
260 _aBarcelona
_bMonte-Avila
_c[1976]
300 _a257 p.
_c24 cm
490 _aColección Perspectiva actual
651 2 4 _aAmérica latina
_xCivilización
_912626
651 2 4 _aAmérica latina
_xPolítica y gobierno
_912889
942 _2ddc
_cBK
999 _c16056
_d16056